| 000 | 01269nam a2200337 c 4500 | ||
|---|---|---|---|
| 003 | BLK | ||
| 005 | 20241216115809.0 | ||
| 008 | 180408b bul|||||r ||||||| ||bul|| | ||
| 010 | _aKNG00058740000 | ||
| 020 |
_a954-769-111-2 _bиздат.: Обсидиан |
||
| 040 | _aBLK | ||
| 041 |
_aBUL _cBUL |
||
| 080 |
_aАмериканска литература (на САЩ) _b821.111(73) _x-312.4 _z821.111(73)-312.4 |
||
| 100 | 1 |
_aБалдачи, Дейвид _eпърви автор _935928 |
|
| 700 | 1 |
_aЛаптев, Веселин Иванов _eпрев. от англ. _9364314 |
|
| 139 |
_aБалдачи, Дейвид _bБ 21 |
||
| 245 | 1 | 0 |
_aКлуб "Кемъл" _bРоман _cДейвид Балдачи; прев. от англ. Веселин Иванов Лаптев. |
| 257 | _aUSA | ||
| 260 |
_аСофия _bОбсидиан _c2006 _fВ. Търново : Абагар |
||
| 300 |
_a448 с. _c20 см |
||
| 380 | _aX | ||
| 500 | _aОриг. загл. The Camel Club / David Baldacci. | ||
| 653 | _aтрилъри | ||
| 653 | _aромани | ||
| 852 | _aЦб 226701 | ||
| 856 | 4 |
_qpdf _u |
|
| 856 | 4 |
_qpdf _u |
|
| 942 |
_cKNG _n0 _049 |
||
| 944 |
_aCR _c08.03.2006 _lЦветомила Тодорова _k30576 |
||
| 944 |
_aED _c10.12.2013 _lф / _k |
||
| 999 |
_c54778 _d54778 |
||